Rubber compounding ingredients- Carbon black (pelletized)- Determination of fines content. (Fourth Edition). (Record no. 74027)

MARC details
000 -LEADER
fixed length control field 00435nam a2200133Ia 4500
245 #0 - TITLE STATEMENT
Title Rubber compounding ingredients- Carbon black (pelletized)- Determination of fines content. (Fourth Edition).
260 ## - PUBLICATION, DISTRIBUTION, ETC. (IMPRINT)
Year of publication 1996
500 ## - GENERAL NOTE
General note Standard number: ISO 1435
650 ## - SUBJECT ADDED ENTRY--TOPICAL TERM
Topical Term Fines content
650 ## - SUBJECT ADDED ENTRY--TOPICAL TERM
Topical Term Pelletized carbon black
650 ## - SUBJECT ADDED ENTRY--TOPICAL TERM
Topical Term Rubber compounding ingredients
942 ## - ADDED ENTRY ELEMENTS (KOHA)
Koha item type Standards
Holdings
Withdrawn status Lost status Damaged status Not for loan Collection code Home library Current library Date acquired Koha item type
      Standards ISO standards RRII Library RRII Library 31/12/2021 Standards